000 00685nam a2200217 i 4500
001 98068
003 ES-MaACL
005 20231229063025.0
007 t|
008 050721s1969 sp fo |||| |dspa d
080 _a792(46)"19"(093.32)
100 1 _aMarquerie, Alfredo,
_d1907-1974
_976973
245 1 3 _aEl teatro que yo he visto /
_cAlfredo Marqueríe.
250 _a1ª ed.
260 _aBarcelona :
_bBruguera,
_c1969.
300 _a250 p., [2] h., [16] p. de lám., fot. ;
_c21 cm.
650 0 4 _aTeatro-
_zEspaña-
_yS.XX.
_917307
852 4 _aES-MaACL
_jC-39585
852 4 _aES-MaACL
_jE-12513
_z. - Biblioteca Jacinto Martínez Lacalle
999 _c98068
_d98068